| 000 | 00457nam a22001697a 4500 | ||
|---|---|---|---|
| 003 | BD-ChCU | ||
| 005 | 20260111093303.0 | ||
| 008 | 260111b bg ||||| |||| 00| 0 ben d | ||
| 040 | _cBD-ChCU | ||
| 082 | _a330.18 STE | ||
| 100 |
_aSturmey , S.G. _918858 |
||
| 245 |
_aEconomic analysis : _ban introductory text ./ _cS.G. Sturmey . |
||
| 260 |
_aLondon : _bMcgraw - hill , _cC 1966 |
||
| 300 | _a427p | ||
| 650 | 0 |
_aEconomics. _918861 |
|
| 942 |
_2ddc _cBK _n0 |
||
| 999 |
_c110836 _d110836 |
||